000 01270nam0a2200337 4500
001 RU\NLR\bibl\1503358
005 20250616020826.0
010 _a978-5-9551-0393-8
_9500
021 _aRU
_b2010-15111
_91007
035 _a(NLR Aleph) 001494797
090 _a1781304
_c1781304
100 _a20100410d2010 |||y0rusy50 ca
101 0 _arus
102 _aRU
105 _ay |||||||||
200 1 _aТолкование на анекдот про девятых людей (АТ 1287)
_fВардан Айрапетян
210 _aМосква
_cЯзыки славянской культуры
_cиздатель А. Кошелев
_d2010
215 _a73 с.
_d20
225 1 _aStudia philologica
_iМалая серия
300 _aНа обл. и в макете загл. подсер.: Series minor
320 _aБиблиогр. в сокр.: с. 65-73
606 1 _aАнекдот
_9972962
_3RU\NLR\auth\6646369
606 1 _aАнекдоты русские
_xЯзык и стиль
_92596884
_3RU\NLR\auth\661534341
686 _aШ201.37
686 _aШ3(2=1Р)-357
700 1 _aАйрапетян
_bВ.
_f1948-
_gВардан
_4070
801 0 _aRU
_bNLR
_c20100410
_gRCR
801 1 _aRU
_bNLR
_c20100410
942 _cBOOK
980 _aNB